Santídio Pereira : (Registro n. 834)
[ somente texto ]
| 000 -LEADER | |
|---|---|
| fixed length control field | 00732nam a22002537a 4500 |
| 003 - CONTROL NUMBER IDENTIFIER | |
| control field | OSt |
| 005 - DATE AND TIME OF LATEST TRANSACTION | |
| control field | 20260423160754.0 |
| 007 - PHYSICAL DESCRIPTION FIXED FIELD--GENERAL INFORMATION | |
| fixed length control field | ta |
| 008 - FIXED-LENGTH DATA ELEMENTS--GENERAL INFORMATION | |
| fixed length control field | 260423b bl ||||| |||| 00| 0 por d |
| 020 ## - INTERNATIONAL STANDARD BOOK NUMBER | |
| International Standard Book Number | 9786584721166 |
| Qualifying information | (encad.) |
| 040 ## - CATALOGING SOURCE | |
| Language of cataloging | por |
| Transcribing agency | OSt |
| 041 1# - LANGUAGE CODE | |
| Language code of text/sound track or separate title | por |
| Language code of original | eng |
| 082 ## - DEWEY DECIMAL CLASSIFICATION NUMBER | |
| Classification number | 709.81 |
| Item number | P436p |
| 210 ## - ABBREVIATED TITLE | |
| Source | Santídio Pereira |
| 240 ## - UNIFORM TITLE | |
| Uniform title | Fertile landscapes |
| 245 10 - TITLE STATEMENT | |
| Title | Santídio Pereira : |
| Remainder of title | paisagens férteis / |
| 260 ## - PUBLICATION, DISTRIBUTION, ETC. | |
| Place of publication, distribution, etc. | São Paulo : |
| Name of publisher, distributor, etc. | Museu de Arte Moderna de São Paulo, |
| Date of publication, distribution, etc. | 2024. |
| 300 ## - PHYSICAL DESCRIPTION | |
| Extent | 144 p. : |
| Other physical details | il. ; |
| Dimensions | 24 cm |
| 650 04 - SUBJECT ADDED ENTRY--TOPICAL TERM | |
| Topical term or geographic name entry element | Arte-Brasil-Exposições |
| 650 04 - SUBJECT ADDED ENTRY--TOPICAL TERM | |
| Topical term or geographic name entry element | Arte contemporânea |
| 700 1# - ADDED ENTRY--PERSONAL NAME | |
| Personal name | Alves, Cauê |
| Dates associated with a name | 1977- |
| 9 (RLIN) | 1141 |
| Relator term | curadoria |
| 700 1# - ADDED ENTRY--PERSONAL NAME | |
| Personal name | Webb, Paul |
| 9 (RLIN) | 1142 |
| Relator term | tradutor |
| 942 ## - ADDED ENTRY ELEMENTS (KOHA) | |
| Source of classification or shelving scheme | Dewey Decimal Classification |
| Koha item type | LIVRO |
| Suppress in OPAC | No |
| Withdrawn status | Lost status | Source of classification or shelving scheme | Damaged status | Not for loan | Home library | Current library | Date acquired | Total checkouts | Full call number | Barcode | Date last seen | Copy number | Price effective from | Koha item type |
|---|---|---|---|---|---|---|---|---|---|---|---|---|---|---|
| Dewey Decimal Classification | Biblioteca Fatec Adamantina | Biblioteca Fatec Adamantina | 23.04.2026 | 709.81 - P436p | 2026-0122 | 23.04.2026 | ex.2 | 23.04.2026 | LIVRO |
